Practical Course In Effective English Speaking Skills (Record no. 211532)

MARC details
000 -LEADER
fixed length control field 00457nam a2200157Ia 4500
008 - FIXED-LENGTH DATA ELEMENTS--GENERAL INFORMATION
fixed length control field 230714s9999 xx 000 0 und d
020 ## - INTERNATIONAL STANDARD BOOK NUMBER
International Standard Book Number 9790000000000
041 ## - LANGUAGE CODE
Language code of text/sound track or separate title eng
082 ## - DEWEY DECIMAL CLASSIFICATION NUMBER
Classification number 428.0071
Item number GAN
100 ## - MAIN ENTRY--PERSONAL NAME
Personal name Gangal J.K.
9 (RLIN) 193947
245 ## - TITLE STATEMENT
Title Practical Course In Effective English Speaking Skills
260 ## - PUBLICATION, DISTRIBUTION, ETC. (IMPRINT)
Name of publisher, distributor, etc. PHI Learning
365 ## - TRADE PRICE
Currency code Rs.
Price amount 275.00
700 ## - ADDED ENTRY--PERSONAL NAME
Personal name Gangal J.K.
9 (RLIN) 193947
906 ## - LOCAL DATA ELEMENT F, LDF (RLIN)
d O:0384525-Apr-2014B:IN 8120-Apr-2014
c GENRL
b 371.25

No items available.